Antología de poesía infantil: los mejores versos para niños

Salvato in:
Dettagli Bibliografici
Autore principale: Romero, María (Autore)
Natura: Libro
Lingua:spagnolo
Pubblicazione: Santiago Zig-Zag 1984
Edizione:2a. ed
Serie:Colección infantil Zig-Zag
Soggetti:
Tags: Aggiungi Tag
Nessun Tag, puoi essere il primo ad aggiungerne!!

MARC

LEADER 00000nam a2200000 a 4500
001 UCZ0139
003 CL-VaPUC
008 950724e19840300CL |||||||||||||||||spa|d
082 0 4 |a Ch861  |b ROM  |2 21 
100 0 |a Romero, María  |e author  |9 342780 
245 1 0 |a Antología de poesía infantil: los mejores versos para niños 
250 |a 2a. ed 
300 |a 183 p 
942 |c BK 
945 |d 19950724 00:00:00  |a lriquelm 
260 |a Santiago  |b Zig-Zag  |c 1984 
650 0 |a Poesía infantil  |9 307626 
650 0 |a Niños  |9 255605 
650 0 |a Literatura infantil   |9 307465 
650 0 |a Antologías  |9 309836 
583 |a last modification  |c 19950724 00:00:00  |k Rodrigo Vera 
490 0 |a Colección infantil Zig-Zag 
999 |c 237105  |d 237103 
952 |0 0  |1 0  |4 0  |6 CH_861_000000000000000_ROM_1984  |7 0  |8 A  |9 245889  |a BIBEDU  |b BIBEDU  |d 2019-11-18  |i 1534440  |l 1  |o Ch861 ROM 1984  |p 1534440  |r 2024-10-07  |s 2024-09-30  |w 2019-11-18  |y BK  |k EDU